<?xml version="1.0" encoding="UTF-8"?>
<collection xmlns="http://www.loc.gov/MARC21/slim">
 <record>
  <leader>01642nab a2200229 i 4500</leader>
  <controlfield tag="001">acta61886</controlfield>
  <controlfield tag="005">20240418141542.0</controlfield>
  <controlfield tag="008">190626s2018    hu      o     000   hun d</controlfield>
  <datafield tag="022" ind1=" " ind2=" ">
   <subfield code="a">2560-2659</subfield>
  </datafield>
  <datafield tag="040" ind1=" " ind2=" ">
   <subfield code="a">SZTE Egyetemi Kiadványok Repozitórium</subfield>
   <subfield code="b">hun</subfield>
  </datafield>
  <datafield tag="041" ind1=" " ind2=" ">
   <subfield code="a">hun</subfield>
  </datafield>
  <datafield tag="041" ind1=" " ind2=" ">
   <subfield code="a">eng</subfield>
  </datafield>
  <datafield tag="100" ind1="1" ind2=" ">
   <subfield code="a">Máté Ágnes</subfield>
  </datafield>
  <datafield tag="245" ind1="1" ind2="0">
   <subfield code="a">Aeneas barátai a régi magyar irodalomban </subfield>
   <subfield code="h">[elektronikus dokumentum] :</subfield>
   <subfield code="b">Vergilius nem-ismeret és/vagy tabusítás? /</subfield>
   <subfield code="c"> Máté Ágnes</subfield>
  </datafield>
  <datafield tag="260" ind1=" " ind2=" ">
   <subfield code="c">2018</subfield>
  </datafield>
  <datafield tag="300" ind1=" " ind2=" ">
   <subfield code="a">153-165</subfield>
  </datafield>
  <datafield tag="490" ind1="0" ind2=" ">
   <subfield code="a">Antikvitás és reneszánsz</subfield>
  </datafield>
  <datafield tag="520" ind1="3" ind2=" ">
   <subfield code="a">In this paper I discuss the appearance of four figures (Euryalus, Nisus, Achates and Palinurus) taken from Virgil’s Aeneid in old Hungarian poetry (16‒18th centuries). I list all places these minor heroes are mentioned in the corpus represented by Régi Magyar Költők Tára series. I argue that the four heroes’ limited appearance in old Hungarian poetry was due to two factors: metaphorical usage of their figures and tabooization of homosexuality. Moreover, all the places in whom a figure called Eurialus is mentioned in the old Hungarian corpus, allude to the male protagonist of Eneas Silvius Piccolomini’s love story, the Historia de duobus amantibus and to its early translation in Hungarian. In old Hungarian literature Eurialus denoted a heterosexual male hero rather than an eromenos of Greek love tradition.</subfield>
  </datafield>
  <datafield tag="650" ind1=" " ind2="4">
   <subfield code="a">Bölcsészettudományok</subfield>
  </datafield>
  <datafield tag="650" ind1=" " ind2="4">
   <subfield code="a">Nyelvek és irodalom</subfield>
  </datafield>
  <datafield tag="695" ind1=" " ind2=" ">
   <subfield code="a">Latin irodalom - költészet, Magyar irodalom - költészet</subfield>
  </datafield>
  <datafield tag="856" ind1="4" ind2="0">
   <subfield code="u">http://acta.bibl.u-szeged.hu/61886/1/antikvitas_es_reneszansz_002_153-165.pdf</subfield>
   <subfield code="z">Dokumentum-elérés </subfield>
  </datafield>
 </record>
</collection>
